[Event "Teplice Open"]
[Site "Teplice CZE"]
[Date "2011.06.16"]
[Round "6"]
[White "Kubik,M"]
[Black "Sejkora,V"]
[Result "1/2-1/2"]
[WhiteElo "1889"]
[BlackElo "2189"]

1.e4 g6 2.d4 Bg7 3.Nc3 c6 4.f4 d5 5.e5 h5 6.Nf3 Bf5 7.Be3 e6 8.Be2 Nd7 9.Qd2 Bg4
10.Bf2 Bxf3 11.Bxf3 Nh6 12.Ne2 Bf8 13.O-O Be7 14.Rac1 Nf5 15.c4 dxc4 16.Rxc4 Nb6
17.Rc2 Qd7 18.Rfc1 O-O 19.g3 Rfd8 20.h3 Kg7 21.Qe1 Rh8 22.Be4 Nd5 23.Nc3 g5
24.Re2 Rh6 25.Nxd5 exd5 26.e6 fxe6 27.Bxf5 gxf4 28.Rxe6 Rxe6 29.Qxe6 Qxe6
30.Bxe6 fxg3 31.Bxg3 Bf6 32.Bf2 Re8 33.Re1 Re7 34.Kg2 Bg5 35.Bf5 Rf7 36.Bd3 Bf6
37.Re6 h4 38.Be3 a6 39.b3 Rf8 40.Bf4 Kf7 41.Re1 Bxd4 42.Rf1 Ke6 43.Kf3 c5
44.Ke2 b5 45.Bg5 Rxf1 46.Kxf1 Bf6 47.Bxf6 Kxf6 48.Kf2 Ke5 49.Ke3 c4 50.Bf1 d4+
51.Kd2 Kd5 52.b4 Kc6 53.a3 Kb6 54.Bg2 a5 55.Be4 axb4 56.axb4 Kc7 57.Ke2 Kd6
58.Kf3 Kc7 59.Kg4 Kd6 60.Kf3 Kc7 61.Kg4 Kd6 62.Kf4 Ke6 63.Bc6 Kd6 64.Bxb5 Kd5
65.Ba6 c3 66.Bd3 c2 67.Bxc2 Kc4 68.Ke4 Kxb4 69.Kxd4 Kb5 70.Kd5 Kb6 71.Kd6 Kb5
72.Be4 Kb4 73.Ke5 Kc4 74.Bd5+ Kc5 75.Be4 Kc4 76.Bh7 Kc5 77.Kf5 Kd6 78.Kf6 Kd7
79.Bg6 Kd6 80.Bf5 Kd5 81.Kg5 Kd6 82.Kxh4 Ke7 83.Kg5 Kf7  1/2-1/2

[Event "1st Forni Open"]
[Site "Forni di Sopra ITA"]
[Date "2011.06.17"]
[Round "8"]
[White "Bellincampi,S"]
[Black "Boscolo,F"]
[Result "1/2-1/2"]
[WhiteElo "2067"]
[BlackElo "2233"]

1.e4 g6 2.d4 Bg7 3.Nc3 c6 4.Nf3 d5 5.h3 Nh6 6.Bd3 dxe4 7.Nxe4 O-O 8.O-O Nf5
9.c3 Qc7 10.Re1 Nd7 11.Qe2 Nb6 12.Nc5 Nd5 13.Bc2 Re8 14.Nd3 a5 15.Bd2 b5
16.b3 b4 17.c4 Nc3 18.Bxc3 bxc3 19.Nde5 c5 20.dxc5 Qxc5 21.Rad1 Nd6 22.Qe3 Qxe3
23.Rxe3 Bb7 24.Nd4 f6 25.Nef3 f5 26.Ne6 f4 27.Nxf4 Bh6 28.Rd4 Nf7 29.Ne5 Nxe5
30.Rxe5 Bg7 31.Nd3 Bxe5 32.Nxe5 Rad8 33.Rd3 Rxd3 34.Bxd3 Rd8 35.Kf1 Rd4 36.f3 Kg7
37.Ke2 h5 38.Ke3 Rd8 39.Nxg6 Rxd3+ 40.Kxd3 Kxg6 41.Kxc3 h4 42.a3 Kf5 43.b4 axb4+
44.axb4 e5 45.b5 e4 46.c5 exf3 47.c6 Bxc6  1/2-1/2

[Event "Teplice Open"]
[Site "Teplice CZE"]
[Date "2011.06.17"]
[Round "7"]
[White "Jasny,S"]
[Black "Karlik,V"]
[Result "1-0"]
[WhiteElo "2367"]
[BlackElo "2254"]

1.e4 g6 2.d4 Bg7 3.Nc3 c6 4.f4 d5 5.e5 Nh6 6.Be3 Qb6 7.Na4 Qa5+ 8.c3 Nd7
9.b4 Qc7 10.h3 f6 11.Nf3 e6 12.Be2 O-O 13.O-O b6 14.g4 a5 15.b5 Bb7 16.Qd2 cxb5
17.Bxb5 Bc6 18.Qd3 Rac8 19.Rab1 Bxb5 20.Qxb5 Rb8 21.Bd2 Nf7 22.g5 fxg5 23.fxg5 Nd8
24.Nh2 Rxf1+ 25.Rxf1 Nc6 26.Ng4 Rf8 27.Rxf8+ Kxf8 28.Qd3 Ne7 29.Nf6 Bxf6
30.gxf6 Nf5 31.Nb2 Kf7 32.Be1 Nxe5 33.dxe5 Qxe5 34.Bf2 b5 35.Nd1 Qxf6 36.Qxb5 Qg5+
37.Kf1 Qh5 38.Qd3 Qh6 39.Ke1 Qf4 40.Nb2 Qc1+ 41.Nd1 Qf4 42.Ke2 Qa4 43.Qb1 Qc4+
44.Ke1 h5 45.Qc2 Qf4 46.Qe2 Qh2 47.Qf3 Qb8 48.Bd4 Qh2 49.a4 Qc2 50.Qf4 Qxa4
51.Ne3 Qa1+ 52.Kf2 Qb2+ 53.Kf3 Qb1 54.Qc7+ Kg8 55.Qd8+ Kf7 56.Qf6+  1-0

[Event "Teplice Open"]
[Site "Teplice CZE"]
[Date "2011.06.19"]
[Round "9"]
[White "Friml,A"]
[Black "Karlik,V"]
[Result "1/2-1/2"]
[WhiteElo "2124"]
[BlackElo "2254"]

1.e4 g6 2.d4 Bg7 3.Nc3 c6 4.Be3 Qb6 5.Rb1 d6 6.Nf3 Nf6 7.h3 Qc7 8.Qd2 b5
9.e5 dxe5 10.dxe5 Nfd7 11.e6 fxe6 12.Bh6 O-O 13.Bxg7 Kxg7 14.Ne4 Qf4 15.Qc3+ Nf6
16.Nc5 Kg8 17.Bd3 Nd5 18.Qd4 Qd6 19.Ne4 Qb4+ 20.Qxb4 Nxb4 21.a3 Nd5 22.O-O Nd7
23.Nd4 Ne5 24.Nc5 Rf4 25.c3 Bd7 26.Rfe1 Nxd3 27.Nxd3 Rf6 28.Nc5 Be8 29.Re5 Rd8
30.Rbe1 Nf4 31.Ndxe6 Nxe6 32.Nxe6 Rd2 33.R5e2 Rxe2 34.Rxe2 Bf7 35.Nd4 c5
36.Nf3 Re6 37.Re5 Rxe5 38.Nxe5 Bd5 39.f4 Kg7 40.g4 Be6 41.Kh2 Kf6 42.h4 Bc8
43.Kg3 Ke6 44.Kf3 Kd5 45.Ke3 a5 46.Kd3 a4 47.Ke3 Be6 48.g5 Bf5 49.Nf3 Kc4
50.Nd2+ Kd5 51.Nf1 e5 52.Kf3 exf4 53.Kxf4 Bd3 54.Ne3+ Ke6 55.Ng4 Bc2 56.Ne3 Bd3
57.Nd1 Kd5 58.Ne3+ Ke6 59.Ng4 Bc2 60.Ne3  1/2-1/2

[Event "Mukachevo Summer"]
[Site "Mukachevo UKR"]
[Date "2011.06.22"]
[Round "2"]
[White "Tregubov,V"]
[Black "Bogdanovich,S"]
[Result "1-0"]
[WhiteElo "2293"]
[BlackElo "2503"]

1.e4 g6 2.d4 Bg7 3.Nc3 c6 4.Be3 d5 5.f3 Nf6 6.h3 b5 7.a3 O-O 8.e5 Nfd7 9.h4 f6
10.f4 Nb6 11.h5 fxe5 12.fxe5 Nc4 13.Bxc4 dxc4 14.hxg6 hxg6 15.Nge2 Na6 16.Nf4 b4
17.Ne4 bxa3 18.Rxa3 Bf5 19.Ng3 Nb4 20.Nxf5 Rxf5 21.Nxg6 Qd7 22.Bh6 Bxh6 23.Rxh6 Kf7
24.Nh4 Qxd4 25.e6+ Kg8 26.Rg3+  1-0

[Event "25th Open Pula"]
[Site "Pula CRO"]
[Date "2011.06.25"]
[Round "9.24"]
[White "Sobolevsky,L"]
[Black "Petran,Pe"]
[Result "1-0"]
[WhiteElo "2243"]
[BlackElo "2321"]

1.e4 g6 2.d4 Bg7 3.Nc3 c6 4.Nf3 b5 5.h3 d6 6.Bg5 a6 7.Bd3 Nd7 8.a4 Bb7 9.O-O f6
10.Be3 e6 11.d5 b4 12.dxc6 Bxc6 13.Na2 a5 14.Nd4 Ne5 15.Nxe6 Qe7 16.Nxg7+ Qxg7
17.Bb5 Qc7 18.Qd4 Rb8 19.c4 Ne7 20.f4 Nd7 21.Rad1 Nc8 22.Nc1 O-O 23.Rfe1 Re8
24.Bf2 Kg7 25.Nb3 Re7 26.Bxc6 Qxc6 27.Nxa5 Qa8 28.Qd5 Ndb6 29.Qxa8 Rxa8 30.Nc6 Rc7
31.Nxb4 Rxc4 32.Nd5 Nxd5 33.Rxd5 Rcxa4 34.Rb5 h6 35.Rb7+ Kg8 36.e5 dxe5 37.fxe5 fxe5
38.Rxe5 Nd6 39.Rb6 Ne4 40.Be1 Kf7 41.Bb4  1-0

[Event "7th A Ermaka Memorial"]
[Site "Zaporizhzhia UKR"]
[Date "2011.06.26"]
[Round "2.21"]
[White "Ljukin,S"]
[Black "Onokienko,Olexandra"]
[Result "1-0"]
[WhiteElo "2360"]
[BlackElo "1830"]

1.e4 g6 2.d4 Bg7 3.Nc3 c6 4.Bc4 d5 5.exd5 b5 6.Bb3 b4 7.Nce2 cxd5 8.a3 bxa3
9.Rxa3 Nc6 10.Nf3 Nf6 11.Ne5 Na5 12.Ba4+ Kf8 13.Nf4 Ne4 14.b4 Nb7 15.Qf3 Bxe5
16.dxe5 Kg7 17.O-O a5 18.Bc6 e6 19.c4  1-0

[Event "19th Albena Open"]
[Site "Albena BUL"]
[Date "2011.06.27"]
[Round "3.19"]
[White "Iovcov,V"]
[Black "Sanduleac,V"]
[Result "0-1"]
[WhiteElo "2074"]
[BlackElo "2424"]

1.e4 g6 2.d4 Bg7 3.Nc3 c6 4.h3 d6 5.a4 Nf6 6.Nge2 O-O 7.Be3 Nbd7 8.g3 e5
9.Bg2 exd4 10.Bxd4 Qe7 11.O-O Nc5 12.g4 Be6 13.b3 Rad8 14.f4 Bc8 15.Ng3 Ne6
16.Nge2 Nxd4 17.Nxd4 d5 18.e5 Ne4 19.Qd3 Nxc3 20.Qxc3 f6 21.exf6 Qxf6 22.Rad1 Qd6
23.Qd2 Bh6 24.Ne2 Rde8 25.Rf2 Qc5 26.Rf1 Qe3 27.Qd1 Bxf4 28.Kh1 Bh6 29.Rxf8+ Bxf8
30.Nd4 Bd6 31.Nf3 Bb4 32.c4 dxc4 33.bxc4 Be6 34.Nd4 Bxc4 35.Nc2 Qe7 36.Rf4 Bb3
37.Qb1 Bxc2 38.Qxc2 Bd6 39.Re4 Qf7 40.Rxe8+ Qxe8 41.Qb3+ Qf7 42.Qxf7+ Kxf7
43.a5 a6 44.Kg1 Bb4 45.Kf1 Bxa5 46.Ke2 Bd8 47.Kd3 Ke6  0-1

[Event "7th A Ermaka Memorial"]
[Site "Zaporizhzhia UKR"]
[Date "2011.06.27"]
[Round "4.24"]
[White "Loy,K"]
[Black "Onokienko,Olexandra"]
[Result "1-0"]
[WhiteElo "2145"]
[BlackElo "1830"]

1.e4 g6 2.d4 Bg7 3.Nc3 c6 4.Nf3 d5 5.h3 Nh6 6.Bf4 f6 7.exd5 cxd5 8.Bb5+ Bd7
9.Nxd5 O-O 10.Bxd7 Qxd7 11.Nc7 e5 12.Bxh6 Qxc7 13.Bxg7 Kxg7 14.dxe5 fxe5
15.Qd5 Nc6 16.O-O-O Rad8 17.Qc4 b5 18.Qc5 e4 19.Ng5 Qf4+ 20.Kb1 Rxd1+ 21.Rxd1 Rf6
22.Rd7+ Kg8 23.Qd5+ Kf8 24.Nxh7+ Ke8 25.Nxf6+ Qxf6 26.Rd6  1-0

[Event "6th Dvorkovich Cup"]
[Site "Moscow RUS"]
[Date "2011.06.28"]
[Round "6.1"]
[White "Meribanov,V"]
[Black "Iskandarov,M"]
[Result "0-1"]
[WhiteElo "2286"]
[BlackElo "2253"]

1.e4 g6 2.d4 Bg7 3.Nc3 c6 4.Nf3 d6 5.Be3 Bg4 6.Be2 Nf6 7.h3 Bxf3 8.Bxf3 Nbd7
9.Qd2 O-O 10.O-O b5 11.e5 dxe5 12.Bxc6 b4 13.Nb5 exd4 14.Bxd4 Rc8 15.Nxa7 Ne5
16.Nxc8 Nxc6 17.Nxe7+ Qxe7 18.Rfe1 Qc7 19.Rad1 Rd8 20.c3 Nxd4 21.cxd4 Nd5
22.a3 bxa3 23.bxa3 Nc3 24.Rc1 Bxd4 25.Rc2 Bf6 26.Qe3 Qa5 27.Rec1 Nd5 28.Qf3 Kg7
29.Rc5 Qa8 30.Rd1 Nc7 31.Rxd8 Qxd8 32.Rc6 Ne6 33.Rc4 Qd2 34.g3 Ng5 35.Qe3 Qd1+
36.Kh2 Qf1 37.Rh4 h5 38.Qf4 Ne6 39.Qe3 Bxh4 40.gxh4 Qc4 41.Qg3 Qf4 42.Qxf4 Nxf4
43.Kg3 Nd3 44.a4 Kf6 45.a5 Nc5 46.Kf4 Ke6 47.f3 f6 48.Ke3 Ke5 49.f4+ Kd5
50.Kf3 f5 51.Ke3 Kc4 52.Kd2 Nb3+  0-1

[Event "TCh-TUR 2011"]
[Site "Konya TUR"]
[Date "2011.06.30"]
[Round "3"]
[White "Sanal,V"]
[Black "Soysal,Serkan"]
[Result "1/2-1/2"]
[WhiteElo "2210"]
[BlackElo "1795"]

1.e4 c6 2.d4 g6 3.Nc3 Bg7 4.Nf3 d6 5.h3 Qc7 6.Bd3 Nd7 7.O-O Ngf6 8.Re1 e5
9.a4 O-O 10.dxe5 dxe5 11.Be3 Re8 12.Nb1 Nh5 13.c3 Nf8 14.Qc2 Nf4 15.Bf1 b6
16.Nbd2 Be6 17.b4 h6 18.a5 Nd7 19.Red1 f5 20.Bc4 Bxc4 21.Nxc4 fxe4 22.Qxe4 Ne2+
23.Kh1 Nxc3 24.Qxg6 Nf8 25.Qd6 Qxd6 26.Rxd6 b5 27.Ncd2 Re6 28.Rxe6 Nxe6 29.Rc1 e4
30.Nh4 a6 31.Nf5 Be5 32.Ne7+ Kf7 33.Nxc6 Bg7 34.Nb3 Rc8 35.Ncd4 Nxd4 36.Nxd4 Rc4
37.Nf5 Be5 38.Nxh6+ Ke6 39.Ng4 Bd6 40.h4 Bxb4 41.h5 Bf8 42.Bd2 b4 43.Ne3 Rc5
44.g4 Bh6 45.Nf1 Bxd2 46.Nxd2 Rd5 47.Nb3 Kf6 48.Kg2 Kg5 49.Rh1 Ne2 50.Re1 Nf4+
51.Kg3 Rd3+ 52.Re3 Rxe3+ 53.fxe3 Nd5 54.Nc5 Nxe3 55.Nxe4+ Kh6 56.Kf4 Nc4
57.Kf5 b3 58.Nc3 Nxa5 59.Kf6 Nc6 60.Na4 a5 61.Nb2 Nd8 62.Nc4 a4 63.Ne3 Ne6  1/2-1/2

[Event "7th A Ermaka Memorial"]
[Site "Zaporizhzhia UKR"]
[Date "2011.06.30"]
[Round "7.13"]
[White "Drevetsky,A"]
[Black "Smolin,S1"]
[Result "0-1"]
[WhiteElo "2145"]
[BlackElo "2367"]

1.e4 g6 2.d4 Bg7 3.Nc3 c6 4.Be3 d5 5.f3 dxe4 6.fxe4 Nf6 7.Nf3 O-O 8.Bd3 Ng4
9.Bg1 e5 10.d5 f5 11.Qe2 cxd5 12.Nxd5 Nc6 13.h3 Nf6 14.Nxf6+ Qxf6 15.c3 Be6
16.Be3 h6 17.Nd2 Rad8 18.Bc4 Kh7 19.Bxe6 Qxe6 20.O-O f4 21.Bc5 Rf7 22.Rfd1 Rfd7
23.Nf3 Bf6 24.Rxd7+ Qxd7 25.Qb5 g5 26.Re1 h5 27.Kf2 g4 28.hxg4 hxg4 29.Rh1+ Kg6  0-1

[Event "5th Varna Open"]
[Site "Golden Sands BUL"]
[Date "2011.07.05"]
[Round "4"]
[White "Granovskiy,A"]
[Black "Chatalbashev,B"]
[Result "0-1"]
[WhiteElo "2288"]
[BlackElo "2596"]

1.e4 g6 2.d4 Bg7 3.Nc3 c6 4.Be3 Qb6 5.Rb1 d6 6.Qd2 Nf6 7.f3 Qc7 8.Bh6 Bxh6
9.Qxh6 b5 10.a3 Nbd7 11.Nh3 Qb6 12.Qd2 O-O 13.Be2 e5 14.Rd1 Re8 15.Nf2 Nf8
16.d5 b4 17.axb4 cxd5 18.Nxd5 Nxd5 19.exd5 Bd7 20.O-O Reb8 21.c3 a5 22.Ra1 axb4
23.Rxa8 Rxa8 24.cxb4 Ra4 25.b3 Rxb4 26.Bc4 Ba4 27.bxa4 Rxc4 28.a5 Qc5 29.Qa2 Rc3
30.Qb2 Ra3 31.Ra1 Rxa5 32.Rd1 Qa7 33.Qc3 Ra2 34.Rf1 Nd7 35.g4 Nf6 36.Qc6 Qd4
37.Qxd6 Nxd5 38.g5 Kg7 39.Qd8 Rd2 40.Qd6 Qe3  0-1

[Event "Lev Polugaevsky Mem"]
[Site "Samara RUS"]
[Date "2011.07.06"]
[Round "2"]
[White "Khairullin,A"]
[Black "Dzhumaev,M"]
[Result "0-1"]
[WhiteElo "1950"]
[BlackElo "2481"]

1.e4 g6 2.d4 Bg7 3.Nc3 c6 4.Be3 d5 5.Nf3 dxe4 6.Nxe4 Nd7 7.c3 Ngf6 8.Nxf6+ Nxf6
9.Bd3 Nd5 10.O-O O-O 11.Qd2 Bg4 12.Ne5 Bxe5 13.dxe5 Nxe3 14.Qxe3 Qb6 15.Qg3 Rad8
16.b3 Qc5 17.c4 Rd4 18.h3 Be6 19.Qe3 Rfd8 20.Rad1 Qa5 21.Qe2 Qc3 22.Bc2 Rd2
23.Qe4 Bf5  0-1

[Event "5th Varna Open"]
[Site "Golden Sands BUL"]
[Date "2011.07.07"]
[Round "6"]
[White "Berbatov,K"]
[Black "Shishkov,M"]
[Result "1/2-1/2"]
[WhiteElo "2472"]
[BlackElo "2295"]

1.e4 g6 2.d4 Bg7 3.Nc3 c6 4.f4 Qb6 5.Nf3 d5 6.e5 Bg4 7.Be2 Nh6 8.Na4 Qa5+
9.c3 Nf5 10.O-O e6 11.b4 Qc7 12.Ne1 Bxe2 13.Qxe2 h5 14.Nc5 Bf8 15.Nb3 Nd7
16.a4 Nb6 17.a5 Nc4 18.Nd3 Be7 19.g3 Kf8 20.Qf2 Kg7 21.h3 Rh7 22.Qf3 Rah8
23.Rf2 a6 24.Raa2 Kf8 25.Rh2 Ke8 26.Nb2 Nxb2 27.Raxb2 Kd8 28.Bd2 Kc8 29.Be1 Qd8
30.g4 Ng7 31.Rbg2 Qd7 32.Bd2 Qd8 33.Qd3 Qd7 34.Bc1 Kb8 35.Be3 Qc8 36.Nd2 hxg4
37.hxg4 Rh3 38.Qe2 R8h7 39.Nf3 Qh8 40.Rxh3 Rxh3 41.Rh2 Kc8 42.Qg2 Rh7 43.Rxh7 Qxh7
44.Qh2 Qxh2+ 45.Kxh2 Kd7 46.Kg2 Ne8 47.Kf1 Nc7 48.Ke2 Nb5 49.Kd3 Na3 50.Bf2 Nc4
51.Bh4 Bxh4 52.Nxh4 Nb2+ 53.Ke2 Ke7 54.Ng2 Nc4 55.Ne1 b6 56.axb6 Nxb6 57.Nc2 Nc4
58.Ne3 Nb6 59.Kd3 Kd7 60.f5 gxf5 61.gxf5 exf5 62.Nxf5 Nc4 63.Ne3 Nxe3  1/2-1/2

[Event "Naantalin Open"]
[Site "Naantali FIN"]
[Date "2011.07.07"]
[Round "6"]
[White "Turtiainen,T"]
[Black "Ruotanen,H"]
[Result "1/2-1/2"]
[WhiteElo "1970"]
[BlackElo "1995"]

1.e4 g6 2.d4 c6 3.Nc3 Bg7 4.Nf3 d5 5.Be2 dxe4 6.Nxe4 Nf6 7.Nxf6+ exf6 8.O-O O-O
9.Be3 Be6 10.c4 Re8 11.Rc1 Na6 12.Qd2 Qe7 13.a3 Nc7 14.b4 a6 15.Rfd1 Rad8
16.Qc3 f5 17.a4 h6 18.Ne5 Kh7 19.Bf1 Bc8 20.Nd3 g5 21.g3 Ne6 22.Nc5 Nf8 23.Qc2 Kh8
24.d5 cxd5 25.cxd5 b6 26.Nd3 Qf6 27.Bg2 Rd6 28.a5 bxa5 29.Bc5 Rd7 30.d6 Bb7
31.Bxb7 Rxb7  1/2-1/2

[Event "86th ch-Paris IdF"]
[Site "Paris FRA"]
[Date "2011.07.07"]
[Round "6.8"]
[White "Wirig,A"]
[Black "Bissieres,M"]
[Result "1/2-1/2"]
[WhiteElo "2510"]
[BlackElo "2352"]

1.d4 g6 2.e4 Bg7 3.Nc3 c6 4.Bc4 d5 5.exd5 b5 6.Bb3 b4 7.Nce2 cxd5 8.Bd2 a5
9.a3 bxa3 10.Rxa3 Nc6 11.Ba4 Bd7 12.Nf3 Nf6 13.Qa1 O-O 14.Bxc6 Bxc6 15.Bxa5 Qc8
16.O-O Bb5 17.Re1 Qxc2 18.Nc3 Rfb8 19.Rc1 Qd3  1/2-1/2

[Event "Lev Polugaevsky Mem"]
[Site "Samara RUS"]
[Date "2011.07.07"]
[Round "3"]
[White "Predke,A"]
[Black "Nemov,A"]
[Result "1-0"]
[WhiteElo "2450"]
[BlackElo "2128"]

1.e4 g6 2.d4 Bg7 3.Nc3 c6 4.Nf3 d5 5.h3 Nf6 6.e5 Ne4 7.Nxe4 dxe4 8.Ng5 c5
9.c3 cxd4 10.cxd4 O-O 11.Nxe4 Nc6 12.Be3 Qb6 13.Qb3 Qa5+ 14.Nc3 Bf5 15.g4 Be4
16.Rh2 Rfd8 17.O-O-O Bf3 18.Be2 Bxe2 19.Nxe2 Rac8 20.Nc3 b5 21.Kb1 b4 22.Ne4 Nxe5
23.Rhh1 Nc4 24.Nc5 Nd6 25.h4 Qb5 26.h5 Qc4 27.hxg6 hxg6 28.Qa4 Qb5 29.Qc2 Nc4
30.Rc1 Nb6 31.Qe4 Qc6 32.Qxe7 Bf6 33.Qe4 Bxd4 34.Qxc6 Rxc6 35.Rcd1 Bf6 36.Ne4 Rxd1+
37.Rxd1 Be7 38.f3 f6 39.Bd4 Kf7 40.Rh1 a5 41.Rh7+ Ke6 42.Rh6 Kf7 43.Rh7+ Ke6
44.Rg7 g5 45.Rg6 Kf7 46.Rh6 Kg7 47.Rh2 Kg6 48.Rc2 Rxc2 49.Kxc2 Bd8 50.Nxf6 Nc8
51.Ne4 Bc7 52.Kb3 Ne7 53.Bf6 Nc6 54.Ka4 Ne5 55.Bxe5 Bxe5 56.Kxa5  1-0

[Event "86th ch-Paris IdF"]
[Site "Paris FRA"]
[Date "2011.07.08"]
[Round "7.12"]
[White "Bok,B"]
[Black "Tate,A"]
[Result "1-0"]
[WhiteElo "2507"]
[BlackElo "2342"]

1.e4 g6 2.d4 Bg7 3.Nc3 c6 4.Nf3 d6 5.h3 Nd7 6.a4 Qc7 7.Be3 Ngf6 8.Be2 O-O
9.O-O e5 10.dxe5 dxe5 11.a5 Rd8 12.Bc4 Nf8 13.Qe2 Ne6 14.Ng5 Nxg5 15.Bxg5 Qe7
16.f4 Be6 17.Bxe6 Qxe6 18.f5 Qe7 19.Qf2 h6 20.Be3 a6 21.Bc5 Qe8 22.Bb6 Rd6
23.Qe2 Nd7 24.Be3 Nf6 25.Bc5 Rd7 26.fxg6 fxg6 27.Na4 Rad8 28.Bb6 Rc8 29.Nc5 Re7
30.Rad1 Kh7 31.Qc4 Qg8 32.Qxg8+ Nxg8 33.Bd8 Re8 34.Nxb7  1-0

[Event "34th Aegean Open"]
[Site "Aghios Kirykos GRE"]
[Date "2011.07.09"]
[Round "1"]
[White "Kamitsis,Nikolaos"]
[Black "Koukoufikis,A"]
[Result "1/2-1/2"]
[WhiteElo "1606"]
[BlackElo "2258"]

1.e4 g6 2.d4 Bg7 3.Nc3 c6 4.Nf3 d6 5.Be3 b5 6.a3 a6 7.Be2 Nd7 8.Qd2 Bb7 9.Rd1 Qc7
10.d5 c5 11.b3 Ngf6 12.Bd3 Rc8 13.h3 O-O 14.O-O Nb6 15.Rfe1 c4 16.Bxb6 Qxb6
17.bxc4 bxc4 18.Bf1 Nd7 19.Rb1 Qc7 20.Rb4 Nc5 21.Rxc4 Qd7 22.Rb1 Bxc3 23.Qxc3 Nxe4
24.Qd4 Nf6 25.Rxc8 Rxc8 26.c4 Rc5 27.Ne5 Qc7 28.Nd3 Nd7 29.Nxc5 Nxc5 30.Qb2  1/2-1/2

[Event "ch-Central Serbia Int Open A"]
[Site "Paracin SRB"]
[Date "2011.07.09"]
[Round "3.2"]
[White "Ulibin,M"]
[Black "Zlatanovic,B"]
[Result "1-0"]
[WhiteElo "2538"]
[BlackElo "2433"]

1.d4 g6 2.e4 Bg7 3.Nc3 c6 4.Bc4 b5 5.Bb3 b4 6.Nce2 d5 7.exd5 cxd5 8.Bd2 a5
9.a3 bxa3 10.Rxa3 Nc6 11.Nf3 Nf6 12.Ne5 Nxe5 13.dxe5 Ng4 14.Bc3 e6 15.h3 Nh6
16.Qd2 Bd7 17.Bxa5 Qh4 18.Bb4 Rxa3 19.bxa3 Bxe5 20.Qe3 Bc7 21.Qc3  1-0

[Event "ch-Central Serbia Int Open A"]
[Site "Paracin SRB"]
[Date "2011.07.09"]
[Round "3.36"]
[White "Todorovic,Nenad I"]
[Black "Livaja,M"]
[Result "1-0"]
[WhiteElo "1884"]
[BlackElo "2267"]

1.e4 g6 2.d4 Bg7 3.Nc3 c6 4.Nf3 d5 5.e5 Na6 6.Bxa6 bxa6 7.O-O h5 8.Bg5 Nh6
9.Na4 Nf5 10.Nc5 Qb6 11.Qd2 Rb8 12.e6 O-O 13.exf7+ Rxf7 14.Bf4 Nd6 15.b3 Bf5
16.Ng5 Rff8 17.Nge6 Bxe6 18.Nxe6 Rf7 19.Nxg7 Kxg7 20.Be5+ Kh7 21.f3 Rbf8
22.g4 hxg4 23.Qg5 Rf6 24.Qh4+ Kg8 25.fxg4 Rxf1+ 26.Rxf1 Rxf1+ 27.Kxf1 Qb5+
28.c4 dxc4 29.Qxe7 cxb3+ 30.Ke1 Qb7 31.Qxd6 Kh7 32.axb3 Qxb3 33.Qe7+ Kh6
34.Qh4+  1-0

[Event "Open ch-SVK A"]
[Site "Banska Stiavnica SVK"]
[Date "2011.07.10"]
[Round "2"]
[White "Zatko,G"]
[Black "Petran,Pe"]
[Result "0-1"]
[WhiteElo "2076"]
[BlackElo "2295"]

1.e4 g6 2.d4 Bg7 3.Nc3 c6 4.a4 d5 5.Be3 Nf6 6.e5 Ng4 7.Bg5 f6 8.exf6 exf6
9.Bf4 O-O 10.Qd2 Re8+ 11.Be2 f5 12.f3 Nf6 13.O-O-O a6 14.h4 b5 15.Nh3 Nbd7
16.g4 Nb6 17.gxf5 Bxf5 18.a5 Nc4 19.Bxc4 dxc4 20.Ne2 Qd7 21.Nf2 Nd5 22.Ng3 b4
23.Nfe4 Bxe4 24.Nxe4 Qd8 25.Be5 Qxa5 26.Kb1 c3 27.Qd3 Bxe5 28.dxe5 Rxe5 29.Rhg1 Rf8
30.Nd6 cxb2 31.Kxb2 Qa3+ 32.Qxa3 bxa3+ 33.Kxa3 Rxf3+ 34.Kb2 Rf2 35.Rd4 Ne3
36.Rc1 Rc5 37.Re4 Nf5 38.Re8+ Kg7 39.Ne4 Rb5+ 40.Kc3 Rf3+ 41.Kd2 Rd5+ 42.Ke2 Re3+  0-1

[Event "66th OCF Oklahoma Open"]
[Site "Oklahoma City USA"]
[Date "2011.07.10"]
[Round "5.3"]
[White "Langer,M USA"]
[Black "Graham,S"]
[Result "1-0"]
[WhiteElo "2180"]
[BlackElo "1992"]

1.e4 g6 2.d4 Bg7 3.Nc3 c6 4.Be3 Qa5 5.Qd2 d6 6.O-O-O f5 7.f3 Be6 8.Kb1 Na6
9.Nge2 Bf7 10.Nc1 Nc7 11.Nb3 Bxb3 12.cxb3 O-O-O 13.a3 Na8 14.b4 Qc7 15.b5 Nf6
16.bxc6 bxc6 17.Rc1 Nb6 18.Nb5  1-0

[Event "Nana Aleksandria Cup"]
[Site "Poti GEO"]
[Date "2011.07.11"]
[Round "1"]
[White "Khvitia,I"]
[Black "Azaladze,S"]
[Result "0-1"]
[WhiteElo "1846"]
[BlackElo "2436"]

1.e4 g6 2.d4 Bg7 3.Nc3 c6 4.f3 d5 5.exd5 cxd5 6.Be3 Nc6 7.Qd2 a6 8.O-O-O h5
9.Nge2 Nh6 10.Kb1 b5 11.Bf2 e6 12.Nc1 Nf5 13.Nb3 Nd6 14.g4 hxg4 15.fxg4 b4
16.Na4 Ne4 17.Qe1 Bd7 18.Nac5 Nxf2 19.Qxf2 Bc8 20.Be2 Qh4 21.Qf4 Qe7 22.Rhf1 Ra7
23.g5 Qc7 24.Qxc7 Rxc7 25.Nxa6 Bxa6 26.Bxa6 Rxh2 27.Bb5 Ke7 28.c3 bxc3 29.bxc3 Na7
30.Ba4 Rc4 31.Nc5 Rxc3 32.Rf4 Bxd4 33.Rfxd4 Rxc5 34.Rb4 Rc7 35.Rf1 Nc8 36.Rc1 Rxc1+
37.Kxc1 Rxa2 38.Rb7+ Kf8 39.Bb3 Ra8 40.Kc2 Nd6 41.Rb4 Ne4  0-1

[Event "Open ch-SVK A"]
[Site "Banska Stiavnica SVK"]
[Date "2011.07.12"]
[Round "4"]
[White "Skrabakova,Katarina"]
[Black "Petran,Pe"]
[Result "1/2-1/2"]
[WhiteElo "2007"]
[BlackElo "2295"]

1.e4 g6 2.d4 Bg7 3.Nc3 c6 4.Be3 b5 5.Bd3 d6 6.Qd2 Nd7 7.Nf3 a6 8.O-O Bb7
9.a4 Ngf6 10.Bh6 O-O 11.Bxg7 Kxg7 12.Rfe1 e5 13.dxe5 dxe5 14.Rad1 Qc7 15.Qe3 Rfe8
16.Rd2 Qb6 17.Qxb6 Nxb6 18.b3 Rad8 19.Red1 Rd6 20.Be2 Rxd2 21.Nxd2 Nbd7 22.f3 Nc5
23.b4 Ne6 24.Nb3 Re7 25.Kf1 Rc7 26.Rd2 Kf8 27.axb5 axb5 28.Rd1 Bc8 29.Ra1 Nd7
30.Nd1 Nb6 31.Nb2 Ke7 32.Kf2 f5 33.Nd3 Nc4 34.Ndc5 Nd6 35.Bd3 Nf4 36.Re1 Kf6
37.g3 Ne6 38.c3 Nxc5 39.Nxc5 Ra7 40.Bb1 Nc4 41.Re2 Ra3 42.Rc2 Ra1 43.Ba2 Nd6
44.Rd2 Ke7 45.Nb3 Rh1 46.Kg2 Ra1  1/2-1/2

[Event "3rd International Open"]
[Site "Rethymno GRE"]
[Date "2011.07.12"]
[Round "2"]
[White "Maris,Io"]
[Black "Skembris,S"]
[Result "0-1"]
[WhiteElo "2112"]
[BlackElo "2475"]

1.e4 c6 2.d4 g6 3.Nc3 Bg7 4.f4 d5 5.e5 Nh6 6.Nf3 f6 7.Bd3 O-O 8.h3 Bf5 9.g4 Bxd3
10.Qxd3 Na6 11.a3 f5 12.Rg1 e6 13.Ne2 c5 14.Bd2 Rc8 15.O-O-O Qd7 16.Kb1 b5
17.c3 Qb7 18.Ng5 Rfe8 19.Rg3 Rc6 20.Bc1 Rb8 21.Rdg1 b4 22.c4 bxa3 23.cxd5 Rb6
24.Qxa3 Qxd5 25.Nc3 Qxd4 26.Rd1 Qc4 27.Rd7 Qf1 28.Na4 Rc6 29.Rgd3 Nb4 30.Rd8+ Bf8
31.Rd1 Qc4 32.b3 Qc2+ 33.Ka1 Qxd1  0-1

[Event "Nana Aleksandria Cup"]
[Site "Poti GEO"]
[Date "2011.07.13"]
[Round "3"]
[White "Khelaia,G"]
[Black "Azaladze,S"]
[Result "1/2-1/2"]
[WhiteElo "2102"]
[BlackElo "2436"]

1.e4 g6 2.d4 Bg7 3.Nc3 c6 4.Nf3 d6 5.Be2 Bg4 6.Be3 Nf6 7.Qd2 b5 8.a3 O-O
9.h3 Bxf3 10.Bxf3 a6 11.g4 e5 12.dxe5 dxe5 13.O-O-O Qxd2+ 14.Rxd2 Ne8 15.g5 Nc7
16.Bc5 Re8 17.Bg4 h5 18.gxh6 Bxh6 19.Be3 Kg7 20.Rd6 Bxe3+ 21.fxe3 a5 22.Ne2 Rf8
23.Rf1 Nca6 24.Ng3 Nc5 25.h4 Ra7 26.h5 Rh8 27.hxg6 fxg6 28.Rff6 Rh6 29.Bf5 Rf7
30.Rxg6+ Rxg6 31.Rxg6+ Kf8 32.b4 axb4 33.axb4 Nca6 34.c3 Rg7 35.Rf6+ Ke7
36.Re6+ Kf7 37.Ne2 Rg2 38.Kd1 Nc7 39.Rxe5 Kf6 40.Bh3 Kxe5 41.Bxg2 Nd7 42.Nf4 Kd6
43.Nd3 Ne5 44.Nxe5 Kxe5 45.Kd2 Ne8 46.Bh3 Nd6 47.Bf5 Nc4+ 48.Kd3 Kd6 49.Bh7 Ne5+
50.Ke2 c5 51.bxc5+ Kxc5 52.Bg8 b4 53.cxb4+ Kxb4 54.Kd2 Kc5 55.Bd5 Kd6 56.Ke2 Ke7
57.Kf2 Kf6 58.Kg3 Kg5 59.Bb3 Kf6 60.Ba4 Nc4 61.Kf4 Ne5 62.Be8 Nc4 63.Bb5 Ne5
64.Be2 Nf7 65.Bg4 Ne5 66.Bf5 Nc4 67.Kf3 Ne5+ 68.Ke2 Ke7 69.Kd2 Nc4+ 70.Kd3 Ne5+
71.Kc3 Kd6 72.Bh3 Kc5 73.Kb3 Nc4 74.e5 Nxe5  1/2-1/2

[Event "Open ch-SVK A"]
[Site "Banska Stiavnica SVK"]
[Date "2011.07.14"]
[Round "6"]
[White "Tropp,F"]
[Black "Petran,Pe"]
[Result "0-1"]
[WhiteElo "2102"]
[BlackElo "2295"]

1.e4 g6 2.d4 Bg7 3.Nc3 c6 4.Nf3 b5 5.Bd3 d6 6.h3 Nd7 7.O-O a6 8.Re1 e5 9.dxe5 dxe5
10.Bg5 Ngf6 11.Qd2 O-O 12.Bh6 Re8 13.Bxg7 Kxg7 14.Rad1 Qe7 15.Ne2 Nc5 16.Ng3 a5
17.Qg5 h6 18.Qe3 Nh7 19.Bf1 Ng5 20.Nxg5 hxg5 21.Be2 Be6 22.a3 f6 23.Rd2 Red8
24.Red1 Rxd2 25.Qxd2 Kf7 26.Qc3 a4 27.Qb4 Nb7 28.Qc3 Qc5 29.Qxc5 Nxc5 30.Kf1 Ke7
31.Ke1 Rb8 32.c3 Bb3 33.Rd2 Bc4 34.f3 Nb3 35.Rd1 Na5 36.Rd2 Be6 37.Nf1 f5
38.Ne3 Nb3 39.Rd1 Nc5 40.exf5 gxf5 41.Rd2 f4 42.Nc2 Rc8 43.Nb4 Bf5 44.Bd1 Ke6
45.Bc2 Bxc2 46.Rxc2 Nb3 47.Re2 Kd6 48.Nd3 Re8 49.Nf2 Nc5 50.Ne4+ Nxe4 51.Rxe4 Kd5
52.Kd2 c5 53.Kc2 Rb8 54.Kd3 Rb7 55.Kc2 Rd7 56.Re2 Ke6 57.Re4 c4 58.Re2 Rd3
59.Rd2 Re3 60.Kd1 Kf5 61.Kc2 e4 62.Rd5+ Kf6 63.fxe4 Rxe4 64.Kd1 Re3 65.Rd2 Ke5
66.Rf2 Ke4 67.Kd2 Rd3+ 68.Ke2 Rg3 69.Kf1 f3 70.Kg1 Rxg2+ 71.Rxg2 fxg2 72.Kxg2 Kd3
73.Kg3 Kc2 74.Kg4 Kxb2 75.Kxg5 b4  0-1